Survey of Consumer Behaviour in Selected International Catering Establishments in Czechia

V období pandémie COVID-19 sa pozornosť venovala realizácii výskumu v oblasti nákupného správania spotrebiteľov. Autori tejto štúdie sa rozhodli zamerať svoju pozornosť na vybrané faktory ovplyvňujúce cestovný ruch. Keďže nákupné správanie spotrebiteľov je rozsiahlou témou, venujú sa len vybraným fa...

Descripción completa

Guardado en:
Detalles Bibliográficos
Autor principal: Kajzar, Patrik
Otros Autores: Mura, Ladislav, 1979-
Formato: Capítulo de libro
Lenguaje:inglés
Materias:
Etiquetas: Agregar Etiqueta
Sin Etiquetas, Sea el primero en etiquetar este registro!

MARC

LEADER 00000naa a2200000 4500
001 0298345
005 20260316133043.8
041 0 |a eng 
044 |a SK 
245 1 0 |a Survey of Consumer Behaviour in Selected International Catering Establishments in Czechia  |c Patrik Kajzar, Ladislav Mura 
520 |a V období pandémie COVID-19 sa pozornosť venovala realizácii výskumu v oblasti nákupného správania spotrebiteľov. Autori tejto štúdie sa rozhodli zamerať svoju pozornosť na vybrané faktory ovplyvňujúce cestovný ruch. Keďže nákupné správanie spotrebiteľov je rozsiahlou témou, venujú sa len vybraným faktorom, ktoré ovplyvňujú dopyt v cestovnom ruchu. 
610 2 0 |a správanie spotrebiteľa 
610 2 0 |a ruch cestovný 
610 2 0 |a zariadenia ubytovacie 
610 2 0 |a reštaurácie 
610 2 0 |a Česko 
610 2 0 |a stravovanie spoločné 
100 1 |a Kajzar, Patrik 
700 1 |a Mura, Ladislav, 1979-